000 00370nas a2200157 a 4500
001 63429
003 136007
005 20201118110027.0
008 ||||||n9999 ||| || ||
041 _afre
245 0 _aLe monde - No.2627-2633 (1999)
260 _aFrancia :
_bJean-Marie Colombani,
_c1999.
562 _e7
773 _033571
_aLe monde :
942 _cSISS
999 _c63429
_d63429